| 000 | 00426nam a2200205Ia 4500 | ||
|---|---|---|---|
| 001 | 13241 | ||
| 003 | GE_BSU | ||
| 008 | 181216s||||||||xx |||||||||||||| ||und|| | ||
| 020 | _a9780747230618 | ||
| 040 | _cGE_BSU | ||
| 080 | _a821.111-312.4 | ||
| 100 | _aKoontz,Dean. | ||
| 245 | _aWatchers. | ||
| 260 | _aLondon. | ||
| 260 | _bHeadline. | ||
| 260 | _c1987 | ||
| 300 | _a507p;18cm. | ||
| 653 | _aWatchers. | ||
| 942 | _cBK | ||
| 999 |
_c46405 _d46405 |
||